Statistics for 川崎市の字名

Click here to take the quiz!

General Stats

  • This quiz has been taken 30 times
  • The average score is 54 of 251

Answer Stats

行政区地名% Correct
中原区小杉
80%
多摩区登戸
80%
多摩区生田
68%
多摩区東生田
60%
高津区久地
60%
高津区溝口
56%
多摩区西生田
56%
宮前区
56%
多摩区
56%
多摩区宿河原
56%
高津区向ケ丘
52%
宮前区鷺沼
52%
中原区新城
52%
宮前区宮崎
52%
宮前区宮前平
52%
川崎区東扇島
48%
麻生区百合丘
48%
宮前区 | 高津区梶ケ谷
48%
幸区鹿島田
48%
麻生区はるひ野
44%
多摩区中野島
44%
麻生区岡上
44%
麻生区上麻生
40%
多摩区菅稲田堤
40%
多摩区南生田
40%
宮前区神木
40%
幸区幸町
40%
宮前区菅生
40%
多摩区長尾
40%
麻生区黒川
40%
川崎区扇島
40%
麻生区王禅寺
40%
宮前区有馬
40%
高津区二子
40%
川崎区小田
40%
宮前区犬蔵
40%
高津区下作延
36%
高津区上作延
36%
多摩区長沢
36%
高津区久末
36%
高津区久本
36%
中原区等々力
36%
中原区木月
36%
多摩区枡形
36%
川崎区鈴木町
36%
麻生区下麻生
36%
宮前区けやき平
36%
麻生区栗平
36%
宮前区土橋
36%
川崎区扇町
36%
宮前区神木本町
36%
川崎区千鳥町
32%
川崎区港町
32%
多摩区菅馬場
32%
中原区小杉御殿町
32%
宮前区白幡台
32%
多摩区菅北浦
32%
多摩区登戸新町
32%
麻生区万福寺
32%
多摩区東三田
32%
中原区上小田中
32%
多摩区三田
32%
麻生区高石
32%
高津区子母口
28%
中原区小杉陣屋町
28%
川崎区浮島町
28%
宮前区 | 高津区野川
28%
麻生区千代ケ丘
28%
麻生区虹ケ丘
28%
麻生区東百合丘
28%
中原区上丸子
28%
高津区新作
28%
麻生区王禅寺西
28%
中原区上平間
28%
川崎区水江町
28%
川崎区殿町
28%
麻生区王禅寺東
28%
宮前区馬絹
28%
宮前区初山
28%
宮前区南平台
28%
川崎区塩浜
28%
多摩区
28%
川崎区小田栄
28%
多摩区菅野戸呂
28%
宮前区五所塚
24%
宮前区潮見台
24%
宮前区菅生ケ丘
24%
中原区小杉町
24%
麻生区栗木
24%
中原区下小田中
24%
麻生区多摩美
24%
高津区宇奈根
24%
多摩区栗谷
24%
麻生区五力田
24%
高津区下野毛
24%
高津区末長
24%
多摩区菅仙谷
24%
川崎区浅田
24%
川崎区昭和
24%
川崎区大師町
24%
川崎区富士見
24%
川崎区浜町
24%
幸区小倉
24%
宮前区西野川
20%
川崎区川中島
20%
川崎区大師河原
20%
幸区新川崎
20%
川崎区渡田
20%
幸区下平間
20%
中原区木月住吉町
20%
宮前区野川台
20%
宮前区野川本町
20%
宮前区東有馬
20%
川崎区藤崎
20%
宮前区南野川
20%
川崎区夜光
20%
宮前区小台
20%
多摩区寺尾台
20%
川崎区貝塚
20%
川崎区駅前本町
20%
川崎区池上町
20%
高津区坂戸
20%
川崎区砂子
20%
高津区北見方
20%
高津区諏訪
20%
高津区東野川
20%
麻生区栗木台
20%
川崎区大島
20%
麻生区金程
20%
高津区北野川
16%
中原区宮内
16%
高津区蟹ケ谷
16%
川崎区日進町
16%
中原区中丸子
16%
幸区小向町
16%
多摩区布田
16%
多摩区菅城下
16%
川崎区旭町
16%
麻生区細山
16%
幸区戸手
16%
川崎区鋼管通
16%
中原区井田
16%
麻生区白山
16%
川崎区江川
16%
川崎区追分町
16%
麻生区片平
16%
高津区千年新町
16%
高津区千年
16%
川崎区小島町
16%
幸区南幸町
16%
中原区木月大町
16%
幸区河原町
16%
麻生区古沢
16%
川崎区桜本
16%
幸区神明町
16%
川崎区大師駅前
16%
川崎区宮前町
12%
川崎区宮本町
12%
幸区古市場
12%
川崎区南町
12%
川崎区本町
12%
川崎区東門前
12%
川崎区中島
12%
川崎区田島町
12%
川崎区京町
12%
川崎区観音
12%
川崎区大川町
12%
麻生区向原
12%
川崎区四谷下町
12%
川崎区四谷上町
12%
幸区柳町
12%
高津区明津
12%
中原区井田中ノ町
12%
中原区木月祗園町
12%
川崎区渡田向町
12%
高津区瀬田
12%
幸区南加瀬
12%
中原区下新城
12%
中原区井田三舞町
12%
幸区小向東芝町
12%
幸区東小倉
12%
川崎区小川町
8%
中原区新丸子町
8%
川崎区浅野町
8%
川崎区出来野
8%
中原区上新城
8%
中原区上丸子山王町
8%
麻生区早野
8%
幸区新小倉
8%
川崎区境町
8%
中原区木月伊勢町
8%
中原区丸子通
8%
川崎区白石町
8%
中原区井田杉山町
8%
幸区小向西町
8%
幸区小向仲野町
8%
川崎区堀之内町
8%
幸区北加瀬
8%
川崎区渡田新町
8%
幸区塚越
8%
川崎区榎町
8%
中原区市ノ坪
8%
中原区苅宿
8%
川崎区渡田山王町
4%
宮前区水沢
4%
中原区上丸子天神町
4%
幸区中幸町
4%
中原区今井南町
4%
中原区今井西町
4%
中原区今井仲町
4%
中原区今井上町
4%
麻生区白鳥
4%
幸区東古市場
4%
川崎区大師公園
4%
幸区戸手本町
4%
川崎区池上新町
4%
川崎区渡田東町
4%
幸区遠藤町
4%
幸区大宮町
4%
川崎区南渡田町
4%
川崎区日ノ出
4%
川崎区東田町
4%
中原区西加瀬
4%
川崎区中瀬
4%
中原区田尻町
4%
川崎区堤根
4%
川崎区田町
4%
川崎区田辺新田
4%
幸区都町
4%
川崎区台町
4%
川崎区大師本町
4%
中原区下沼部
4%
川崎区伊勢町
4%
川崎区池田
0%
幸区矢上
0%
麻生区南黒川
0%
幸区堀川町
0%
川崎区下並木
0%
川崎区大島上町
0%
中原区大倉町
0%
中原区上丸子八幡町
0%
幸区新塚越
0%
川崎区新川通
0%
中原区新城中町
0%
中原区新丸子東
0%
幸区紺屋町
0%
川崎区元木
0%
幸区古川町
0%
中原区北谷町
0%

Score Distribution

Percentile by Number Answered

Percent of People with Each Score

Your Score History

You have not taken this quiz